000 01068cam a22001934a 4500
005 20250605164018.0
008 250528s ||||||||||||||||||||||||d
035 _a16220
020 _a6712866
040 _aGR-AtMCL
_bgre
_dGR-AtMCL
_eAACR2
245 1 _aFrom Raindrops to Volcanoes / Adventures with Sea Surface Meteorology
260 _bDoubleday And Company, Inc,
_c1967
300 _a182
520 _aThis volume of the Series is one of a number which are sponsored by the American Meteorological Society as a part of its program designed to increase understanding of the atmospheric sciences. The Science Study Series, Preface, The Flight of the Raindrops, Who Says a Raindrop is Tear-Shaped?, The Origin of Raindrops, The Surface of the Sea, Expulsion from Flatland, Drops in the Air, Something about Electricity, Electricity from the Sea, Volcanoes and Sea and Water and Electricity, A Volcano at the Surface of the Sea, Epilogue, Suggested Reading, Index.
700 1 _aBlanchard Duncan C.
_92300
942 _cBK
999 _c1748
_d1748